| 000 | 01806cam a2200421 a 4500 | ||
|---|---|---|---|
| 001 | 12027747 | ||
| 003 | OSt | ||
| 005 | 20140310184337.0 | ||
| 008 | 000601s2001 nyua b 000 0beng | ||
| 010 | _a 00040957 | ||
| 020 | _a0439390044 | ||
| 040 |
_aDLC _cDLC _dDLC |
||
| 042 | _alcac | ||
| 043 | _an-us--- | ||
| 050 | 0 | 0 |
_aE 185.97.K5 _b.R36 2002 |
| 100 | 1 |
_aRappaport, Doreen. _924196 |
|
| 245 | 1 | 0 |
_aMartin's big words : _bthe life of Dr. Martin Luther King, Jr. / _cDoreen Rappaport ; illustrations by Bryan Collier. |
| 250 | _a1st ed. | ||
| 260 |
_aNew York, NY : _bScholastic Inc., _c2002. |
||
| 300 |
_bcol. ill. ; _c25 cm. |
||
| 521 | _aG2 | ||
| 526 | _c410 | ||
| 600 | 1 | 0 |
_aKing, Martin Luther, _cJr., _d1929-1968 _vJuvenile literature. _924197 |
| 600 | 1 | 0 |
_aKing, Martin Luther, _cJr., _d1929-1968 _vQuotations _vJuvenile literature. _924198 |
| 600 | 1 | 1 |
_aKing, Martin Luther, _cJr., _d1929-1968. _924199 |
| 650 | 0 |
_aAfrican Americans _vBiography _vJuvenile literature. _924200 |
|
| 650 | 0 |
_aCivil rights workers _zUnited States _vBiography _vJuvenile literature. _924201 |
|
| 650 | 0 |
_aBaptists _zUnited States _xClergy _vBiography _vJuvenile literature. _924202 |
|
| 650 | 0 |
_aAfrican Americans _xCivil rights _xHistory _y20th century _vJuvenile literature. _924203 |
|
| 650 | 1 |
_aCivil rights workers. _924204 |
|
| 650 | 1 |
_aClergy. _924205 |
|
| 650 | 1 |
_aAfrican Americans _vBiography. _924206 |
|
| 700 | 1 |
_aCollier, Bryan, _eill. _924207 |
|
| 906 |
_a7 _bcbc _corignew _d1 _eocip _f20 _gy-gencatlg |
||
| 942 |
_2lcc _cBK-SCHOLAS |
||
| 999 |
_c33754 _d33754 |
||